The Mexican (Record no. 167949)

MARC details
000 -LEADER
fixed length control field 00831nam a2200217 i 4500
001 - CONTROL NUMBER
control field C2-0341797
003 - CONTROL NUMBER IDENTIFIER
control field PPAK
005 - DATE AND TIME OF LATEST TRANSACTION
control field 20180729001422.0
008 - FIXED-LENGTH DATA ELEMENTS--GENERAL INFORMATION
fixed length control field 170614s2001 xx |||| ||||| | eng d
040 ## - CATALOGING SOURCE
Original cataloging agency PPAK
Language of cataloging eng
Transcribing agency PPAK
Description conventions rda
245 14 - TITLE STATEMENT
Title The Mexican
264 #1 - PRODUCTION, PUBLICATION, DISTRIBUTION, MANUFACTURE, AND COPYRIGHT NOTICE
Place of production, publication, distribution, manufacture [place of publication not identified] :
Name of producer, publisher, distributor, manufacturer [publisher not identified] ,
Date of production, publication, distribution, manufacture, or copyright notice [2001]
336 ## - CONTENT TYPE
Source rdacontent
Content type term text
337 ## - MEDIA TYPE
Source rdamedia
Media type term unmediated
338 ## - CARRIER TYPE
Source rdacarrier
Carrier type term volume
500 ## - GENERAL NOTE
General note In English dialogues with optional subtitle in Malay. ; Summaries : A man tries to transport an ancient gun called The Mexican, believed to carry a curse, back across the border, while his girlfriend pressures him to give up his criminal wa
700 ## - ADDED ENTRY--PERSONAL NAME
Relator term author
Personal name Verbinski, Gore,
Relator term compile
Personal name Wood, Craig,
Relator term editor
942 ## - ADDED ENTRY ELEMENTS (KOHA)
Source of classification or shelving scheme Dewey Decimal Classification
Koha item type Video Compact Disc

No items available.